La cortesana de las flores (Registro nro. 13578)

Detalles MARC
000 -Cabecera
Campo de control de longitud fija 00513nam a22002177a 4500
005 - Fecha y hora de la última transacción
Campo de control 20250527163215.0
008 - Elementos de longitud fija--Información general
Campo de control de longitud fija 230511b2016 |||||||| |||| 00| 0 spa d
020 ## - International Standard Book Number
Número Internacional Estándar del Libro (ISBN) 9788494464997
041 ## - Idioma
Código de idioma Español
082 ## - Clasificación Decimal Dewey
Número de clasificación 895.6 M685c
100 ## - Entrada principal--Autor personal
Nombre personal Miyagi, Ayako
9 (RLIN) 76726
245 ## - Título propiamente dicho
Título La cortesana de las flores
260 ## - Pie de imprenta
Lugar de publicación, distribución, etc. México
260 ## - Pie de imprenta
Nombre del editor, distribuidor, etc. Quaterni
260 ## - Pie de imprenta
Fecha de publicación, distribución, etc. 2016
300 ## - Descripción física
Extensión 262 páginas
650 ## - Materia general
Temática (materia general) LITERATURA JAPONESA
650 ## - Materia general
Temática (materia general) HISTORIA DE AMOR
650 ## - Materia general
Temática (materia general) EROTISMO
942 ## - Punto de acceso adicional KOHA
Tipo de ítem KOHA Literatura
Fuente del sistema de clasificación o colocación Dewey Decimal Classification
Existencias
Signatura completa Código de barras Tipo de ítem
895.6 M685c 25733 Literatura
895.6 M685c 25734 Literatura